[Event "Obert Figueres Miquel Mas 2010"]
[Site "Figueres ESP"]
[Date "2010.08.18"]
[Round "9.39"]
[White "Cantenys Pages, Carles"]
[Black "Puigvert Vigo, Lluis"]
[Result "1-0"]
[WhiteElo "1490"]
[BlackElo "1493"]
[PlyCount "83"]
[EventDate "2011.08.11"]
[EventType "swiss"]
[EventRounds "9"]
[EventCountry "ESP"]
[Source "lmi"]
[SourceDate "2010.08.11"]

1. e4 d5 2. exd5 Qxd5 3. d3 Nf6 4. Nf3 Bg4 5. Be2 e6 6. O-O Nbd7 7. c4 Qd6 8.
Nc3 c6 9. a3 a5 10. b3 Qc7 11. Be3 Bd6 12. h3 Bh5 13. d4 O-O 14. c5 Bf4 15. b4
axb4 16. axb4 Rfd8 17. Qd2 Bxe3 18. Qxe3 Re8 19. b5 Nd5 20. Nxd5 exd5 21. Rxa8
Rxa8 22. b6 Qc8 23. Nh4 Bxe2 24. Qxe2 Nf6 25. Qe5 Qd8 26. Nf5 Qd7 27. Nd6 Ne4
28. Nxe4 dxe4 29. Qxe4 Re8 30. Qd3 Qd5 31. Ra1 g6 32. Kf1 Re4 33. Ra4 Qe6 34.
Qd2 Qb3 35. Ra1 Qc4+ 36. Kg1 Rxd4 37. Qh6 Rd8 38. Qg5 Rd5 39. Qf6 Qd4 40. Ra8+
Rd8 41. Qxd8+ Qxd8 42. Rxd8+ 1-0